Advanced engineering mathematics /

में बचाया:
ग्रंथसूची विवरण
मुख्य लेखक: Wylie, C. Ray (autor)
स्वरूप: पुस्तक
भाषा:अंग्रेज़ी
प्रकाशित: lugar de publicación no identificado : McGraw-Hill, 1951
विषय:
टैग: टैग जोड़ें
कोई टैग नहीं, इस रिकॉर्ड को टैग करने वाले पहले व्यक्ति बनें!

MARC

LEADER 00000nam^a2200000^a^4500
001 000006658
005 20250521000000.0
009 20260310083435.518
037 |a Acervo ITESO - Biblioteca 
041 |a ING 
082 |a 518.  |b WYL 
100 |a Wylie, C. Ray  |e (autor) 
245 1 0 |a Advanced engineering mathematics /  |c C.R. Wylie. 
264 1 |a lugar de publicación no identificado :  |b McGraw-Hill,  |c 1951 
300 |a 640 p. 
336 |a texto  |b txt  |2 rdacontenido 
337 |a sin mediación  |b n  |2 rdamedio 
338 |a volumen  |b nc  |2 rdasoporte 
649 |a XX 
650 |a Matemáticas de Ingeniería 
910 |a Fondo General 
920 |a Impresos - Libros 
930 |a Colección General 
905 |a 101 
901 |a 0066580100  |b IT1  |c ACC  |i 006658  |u 20250521 
902 |a https://opac.biblio.iteso.mx/vufind/Record/000006658